European Championship Quarter-Final Goalscorers 1996-2024 - Statistics

General Stats
  • This quiz has been taken 6 times
  • The average score is 61 of 81
Answer Stats
Tournament Nation Score Player % Correct
2016 France France 5-1 Antoine Griezmann
100%
2024 Germany Switzerland 1-0 Breel Embolo
100%
2024 Germany England 1-1 Bukayo Saka
100%
2012 Poland & Ukraine Portugal 1-0 Cristiano Ronaldo
100%
2024 Germany Spain 1-0 Dani Olmo
100%
2016 France France 3-0 Dimitri Payet
100%
2024 Germany Germany 1-1 Florian Wirtz
100%
2016 France Wales 2-1 Hal Robson-Kanu
100%
2020 Multiple Hosts England 1-0 Harry Kane
100%
2020 Multiple Hosts England 3-0 Harry Kane
100%
2020 Multiple Hosts England 2-0 Harry Maguire
100%
2020 Multiple Hosts England 4-0 Jordan Henderson
100%
2020 Multiple Hosts Italy 2-0 Lorenzo Insigne
100%
2016 France Germany 1-0 Mesut Ozil
100%
2024 Germany Spain 2-1 Mikel Merino
100%
2020 Multiple Hosts Italy 1-0 Nicolo Barella
100%
2016 France France 1-0 Olivier Giroud
100%
2016 France France 4-0 Olivier Giroud
100%
2020 Multiple Hosts Czech Republic 2-1 Patrik Schick
100%
2016 France Poland 1-0 Robert Lewandowski
100%
2020 Multiple Hosts Belgium 2-1 Romelu Lukaku
100%
2004 Portugal Portugal 2-1 Rui Costa
100%
2020 Multiple Hosts Switzerland 1-1 Xherdan Shaqiri
100%
2008 Austria & Switzerland Russia 3-1 Andrey Arshavin
80%
2004 Portugal Greece 1-0 Angelos Charisteas
80%
2000 Belgium & Netherlands Italy 1-0 Francesco Totti
80%
2004 Portugal England 2-2 Frank Lampard
80%
2000 Belgium & Netherlands Spain 1-1 Gaizka Mendieta
80%
2020 Multiple Hosts Denmark 2-0 Kasper Dolberg
80%
2016 France Italy 1-1 Leonardo Bonucci
80%
2004 Portugal Czech Republic 2-0 Milan Baros
80%
2004 Portugal Czech Republic 3-0 Milan Baros
80%
2008 Austria & Switzerland Germany 2-0 Miroslav Klose
80%
2012 Poland & Ukraine Germany 3-1 Miroslav Klose
80%
2016 France France 2-0 Paul Pogba
80%
2012 Poland & Ukraine Germany 1-0 Philipp Lahm
80%
2016 France Belgium 1-0 Radja Nainggolan
80%
2016 France Portugal 1-1 Renato Sanches
80%
2024 Germany Turkey 1-0 Samet Akaydin
80%
2016 France Wales 3-1 Sam Vokes
80%
2024 Germany Netherlands 1-1 Stefan de Vrij
80%
2012 Poland & Ukraine Spain 1-0 Xabi Alonso
80%
2012 Poland & Ukraine Spain 2-0 Xabi Alonso
80%
2000 Belgium & Netherlands France 1-0 Zinedine Zidane
80%
2016 France Wales 1-1 Ashley Williams
60%
2008 Austria & Switzerland Germany 1-0 Bastian Schweinsteiger
60%
2016 France Iceland 5-2 Birkir Bjarnason
60%
1996 England Croatia 1-1 Davor Suker
60%
2020 Multiple Hosts Switzerland (OG) 1-0 Denis Zakaria
60%
2012 Poland & Ukraine Greece 4-2 Dimitris Salpingidis
60%
2000 Belgium & Netherlands Italy 2-0 Filippo Inzaghi
60%
2012 Poland & Ukraine Greece 1-1 Georgios Samaras
60%
2004 Portugal Portugal 1-1 Helder Postiga
60%
2008 Austria & Switzerland Portugal 3-2 Helder Postiga
60%
2008 Austria & Switzerland Croatia 1-0 Ivan Klasnic
60%
2004 Portugal Czech Republic 1-0 Jan Koller
60%
1996 England Czech Republic 1-0 Karel Poborsky
60%
2016 France Iceland 4-1 Kolbeinn Sigthorsson
60%
2012 Poland & Ukraine Germany 4-1 Marco Reus
60%
2000 Belgium & Netherlands Netherlands 5-0 Marc Overmars
60%
2000 Belgium & Netherlands Netherlands 6-0 Marc Overmars
60%
1996 England Germany 2-1 Matthias Sammer
60%
2024 Germany Turkey (OG) 2-1 Mert Muldur
60%
2008 Austria & Switzerland Germany 3-1 Michael Ballack
60%
2004 Portugal England 1-0 Michael Owen
60%
2000 Belgium & Netherlands Portugal 1-0 Nuno Gomes
60%
2000 Belgium & Netherlands Portugal 2-0 Nuno Gomes
60%
2008 Austria & Switzerland Portugal 2-1 Nuno Gomes
60%
2000 Belgium & Netherlands Netherlands 1-0 Patrick Kluivert
60%
2000 Belgium & Netherlands Netherlands 2-0 Patrick Kluivert
60%
2000 Belgium & Netherlands Netherlands 4-0 Patrick Kluivert
60%
2008 Austria & Switzerland Russia 1-0 Roman Pavlyuchenko
60%
2008 Austria & Switzerland Netherlands 1-1 Ruud van Nistelrooy
60%
2000 Belgium & Netherlands FR Yugoslavia 6-1 Savo Milosevic
60%
2008 Austria & Switzerland Turkey 1-1 Semih Senturk
60%
2020 Multiple Hosts Denmark 1-0 Thomas Delaney
60%
2000 Belgium & Netherlands France 2-1 Youri Djorkaeff
60%
2000 Belgium & Netherlands FR Yugoslavia (OG) 3-0 Dejan Govedarica
40%
2008 Austria & Switzerland Russia 2-1 Dmitri Torbinski
40%
2012 Poland & Ukraine Germany 2-1 Sami Khedira
40%
1996 England Germany 1-0 Jurgen Kilnsmann
20%
No matching quizzes found
Score Distribution
Percent of People with Each Score
Percentile by Number Answered
Your Score History
You have not taken this quiz